[Event "Enschede op-C U14"]
[Site "Enschede"]
[Date "2009.08.05"]
[Round "6"]
[White "Nicolai, Celine"]
[Black "Bruggeman, Kevin"]
[Result "0-1"]
[WhiteElo "1649"]
[BlackElo "1634"]
[PlyCount "68"]
[EventDate "2009.08.03"]
[EventType "swiss"]
[EventRounds "7"]
[EventCountry "NED"]
[SourceTitle "CBM 132 Extra"]
[Source "ChessBase"]
[SourceDate "2009.11.03"]
[SourceVersion "1"]
[SourceVersionDate "2009.11.03"]
[SourceQuality "1"]

1. e4 c5 2. Nf3 Nc6 3. d4 cxd4 4. Nxd4 Nf6 5. Nc3 e5 6. Ndb5 d6 7. Bc4 a6 8. Na3 b5 9. Bd5 Bb7 10. Ne2 Rb8 11. Bg5 Be7 12. Bxf6 Bxf6 13. 0-0 0-0 14. Ng3 Ne7 15. Bxb7 Rxb7 16. c3 Bg5 17. Nc2 f5 18. exf5 Kh8 19. Qd3 d5 20. Rad1 Rb6 21. Rfe1 Bf4 22. Nh5 Rd6 23. g3 e4 24. Qe2 Be5 25. g4 Rh6 26. Qe3 g6 27. Ng3 gxf5 28. Nxf5 Nxf5 29. gxf5 Rxf5 30. Qxe4 Bxh2+ 31. Kf1 Re5 32. Qd4 Rhe6 33. f4 Bxf4 34. Qxf4 Rf6 0-1

[Event "Enschede op-C U14"]
[Site "Enschede"]
[Date "2009.08.04"]
[Round "2"]
[White "Haver, Bas"]
[Black "Bruggeman, Kevin"]
[Result "1/2-1/2"]
[WhiteElo "1812"]
[BlackElo "1634"]
[PlyCount "24"]
[EventDate "2009.08.03"]
[EventType "swiss"]
[EventRounds "7"]
[EventCountry "NED"]
[SourceTitle "CBM 132 Extra"]
[Source "ChessBase"]
[SourceDate "2009.11.03"]
[SourceVersion "1"]
[SourceVersionDate "2009.11.03"]
[SourceQuality "1"]

1. e4 c5 2. g3 e6 3. Bg2 Ne7 4. f4 g6 5. Nf3 Bg7 6. d3 d5 7. Nbd2 0-0 8. c3 Nbc6 9. 0-0 b6 10. Re1 Ba6 11. Qe2 Rc8 12. e5 Nf5 1/2-1/2

[Event "Twente Young Master op-D"]
[Site "Twente"]
[Date "2007.08.10"]
[Round "12"]
[White "Bruggeman, Kevin"]
[Black "Bokern, Paul"]
[Result "1-0"]
[WhiteElo "1416"]
[BlackElo "1224"]
[PlyCount "49"]
[EventDate "2007.08.06"]
[EventType "swiss"]
[EventRounds "13"]
[EventCountry "NED"]
[SourceTitle "EXT 2008"]
[Source "ChessBase"]
[SourceDate "2007.11.25"]
[SourceVersion "1"]
[SourceVersionDate "2007.11.25"]
[SourceQuality "1"]

1. e4 c5 2. Nf3 d6 3. d4 cxd4 4. Nxd4 Nf6 5. Nc3 g6 6. Be3 Ng4 7. Bb5+ Bd7 8. Qxg4 Bg7 9. Qe2 0-0 10. 0-0 a6 11. Bxd7 Nxd7 12. Qd2 Re8 13. Nf3 Rc8 14. Bh6 Bh8 15. Be3 Rc4 16. Ng5 Ne5 17. f4 Ng4 18. Rfe1 h6 19. Qd5 hxg5 20. Qxc4 gxf4 21. Bf2 Be5 22. Nd5 e6 23. Nc3 f3 24. g3 Qd7 25. Qd3 1-0

[Event "NED-ch U13"]
[Site "Rijswijk"]
[Date "2007.05.18"]
[Round "5"]
[White "De Mon, Gino"]
[Black "Bruggeman, Kevin"]
[Result "0-1"]
[WhiteElo "1228"]
[BlackElo "1454"]
[PlyCount "46"]
[EventDate "2007.05.17"]
[EventType "swiss"]
[EventRounds "9"]
[EventCountry "NED"]
[SourceTitle "EXT 2009"]
[Source "ChessBase"]
[SourceDate "2008.11.26"]
[SourceVersion "1"]
[SourceVersionDate "2008.11.26"]
[SourceQuality "1"]

1. e4 c5 2. Nf3 Nc6 3. d4 cxd4 4. Nxd4 e5 5. Nxc6 bxc6 6. Bc4 Nf6 7. Nc3 Be7 8. Be3 Bb7 9. Qd3 0-0 10. 0-0 d5 11. exd5 cxd5 12. Bb3 d4 13. Rad1 dxe3 14. Qxe3 Qc7 15. Rfe1 Ng4 16. Qg3 Nf6 17. Qxe5 Qxe5 18. Rxe5 Bd8 19. Na4 Bb6 20. Re7 Bc6 21. Rd6 Bxa4 22. Bxa4 Bc5 23. Rxf7 Bxd6 0-1

[Event "NED-ch U13"]
[Site "Rijswijk"]
[Date "2007.05.17"]
[Round "2"]
[White "Bruggeman, Kevin"]
[Black "Evengroen, Bernard"]
[Result "1-0"]
[WhiteElo "1454"]
[BlackElo "1364"]
[PlyCount "57"]
[EventDate "2007.05.17"]
[EventType "swiss"]
[EventRounds "9"]
[EventCountry "NED"]
[SourceTitle "EXT 2009"]
[Source "ChessBase"]
[SourceDate "2008.11.26"]
[SourceVersion "1"]
[SourceVersionDate "2008.11.26"]
[SourceQuality "1"]

1. d4 f5 2. c4 Nf6 3. Nc3 e6 4. Bg5 Be7 5. e3 b6 6. Nf3 Bb7 7. Ne5 d6 8. Qa4+ Nfd7 9. Bxe7 Qxe7 10. Nf3 0-0 11. Be2 c5 12. Rd1 cxd4 13. exd4 Nf6 14. 0-0 Nbd7 15. Qc2 Ne4 16. Rfe1 Rf6 17. d5 Nxc3 18. Qxc3 Rc8 19. Qd2 Rg6 20. Bd3 Nc5 21. Bxf5 Rf6 22. Bh3 Qf7 23. b4 Rxf3 24. gxf3 Qxf3 25. Bg2 Qg4 26. bxc5 exd5 27. h3 Qg6 28. Qe3 d4 29. Qe6+ 1-0